00347nam a2200145Ia 4500008004100000020001800041082001300059100001800072245003900090250000600129260001500135300001900150500002400169650000800193230524s9999 xx 000 0 und d a9788180385568 a340bYAQ aAnwarul Yaqin 0aLegal Research and Writing Methods a1 bLexisNexis a"xxviii,281p;" aQuantity Number: 1 aLAW